00977nam a2200217 a 450000100100000000500170001000800410002704000250006808200200009310000320011324500480014526000400019330000210023359000260025465000270028065000310030791000370033895201830037595201840055899900170074200001220220240530073913.0091106s1976 dr 001 f spa d aDO-SdBNPbspacBNPHU aRD863.44bG633u1 aGómez Cerda, José9858310aUnidos en la lucha /cJosé Gómez Cerda. aSanto Domingo :bPolitecnia,c1976. a160 p. ;c21 cm. aInventariado, 2020/YL 0aNovela dominicana9223 0aLiteratura dominicana.967 aValidado. Control de calidad MFF 0010718PDaPDbPDcHDd2009-11-06iLF1l0oRD863.44 G633up12202-10r2020-06-25w2020-06-25yLFPDzPerteneció a la biblioteca personal de Germán Emilio Ornes.ZNo se presta 0010718PDaPDbPDcHDd2011-05-06iLF1l0oRD863.44 G633up12202-20r2020-06-25te. 2w2020-06-25yLFPDzAutografiado a José Ernesto García Aybar por el autor.ZNo se presta c11867d11867